000 00943cam a2200289 i 4500
999 _c25473
_d25473
001 2262986
005 20170131122608.0
008 780202s1978 nyua 001 0 eng
010 _a 78001421
020 _a0070023298 :
_c$22.50
040 _aDLC
_cDLC
_dDLC
043 _an-us---
050 0 0 _aNA6212
_b.B84 1978
245 0 0 _aBuildings for commerce and industry /
_cedited by Charles King Hoyt.
260 _aNew York :
_bMcGraw-Hill,
_cc1978.
300 _aix, 228 p. :
_bill. (some col.) ;
_c31 cm.
500 _a"An Architectural record book."
500 _aIncludes index.
650 0 _aCommercial buildings
_zUnited States.
650 0 _aOffice buildings
_zUnited States.
700 1 _aHoyt, Charles King.
710 2 _aArchitectural record.
942 _2lcc
_cBOOKS
_hNA6212 .B84 1978